HRM 4.0 for Human-Centered Organizations
Gespeichert in:
| Weitere Verfasser: | , |
|---|---|
| Format: | Buch |
| Sprache: | Englisch |
| Veröffentlicht: |
Bingley
Emerald Publishing Limited
2019
|
| Ausgabe: | 1st Edition |
| Schriftenreihe: | Advanced Series in Management
Vol. 23 |
| Schlagworte: | |
| Tags: |
Keine Tags, Fügen Sie das erste Tag hinzu!
|
MARC
| LEADER | 00000nam a2200000 4500 | ||
|---|---|---|---|
| 001 | 0279574 | ||
| 005 | 20240416113822.5 | ||
| 020 | |a 978-1-78973-536-9 | ||
| 020 | |a 978-1-78973-535-2 | ||
| 020 | |a 978-1-78973-537-6 | ||
| 041 | 0 | |a eng | |
| 044 | |a GB | ||
| 245 | 1 | 0 | |a HRM 4.0 for Human-Centered Organizations |c Edited by: Rita Bissola and Barbara Imperatori |
| 250 | |a 1st Edition | ||
| 264 | 1 | |a Bingley |b Emerald Publishing Limited |c 2019 | |
| 300 | |a 246 s. | ||
| 490 | 1 | |a Advanced Series in Management |v Vol. 23 | |
| 830 | 0 | |a Advanced Series in Management |v Vol. 23 | |
| 610 | 2 | 0 | |a riadenie ľudských zdrojov |
| 610 | 2 | 0 | |a priemysel 4.0 |
| 610 | 2 | 0 | |a prostredie pracovné |
| 610 | 2 | 0 | |a vedenie ľudí |
| 610 | 2 | 0 | |a vedenie podniku |
| 610 | 2 | 0 | |a digitalizácia |
| 610 | 2 | 0 | |a technológie informačné |
| 610 | 2 | 0 | |a technológie komunikačné |
| 610 | 2 | 0 | |a technológie nové |
| 700 | 1 | |a Bissola, Rita | |
| 700 | 1 | |a Imperatori, Barbara | |